Formula one drivers line-up 2018 - Statistics

General Stats
  • This quiz has been taken 196 times
  • The average score is 16 of 20
Answer Stats
Constructor Rounds Driver Nationality % Correct
Ferrari All Sebastian Vettel Germany
94%
Ferrari All Kimi Räikkönen Finland
92%
Mercedes All Lewis Hamilton UK
90%
Red Bull All Max Verstappen Netherlands
86%
Force India All Sergio Pérez Mexico
86%
Red Bull All Daniel Ricciardo Australia
85%
Mercedes All Valtteri Bottas Finland
85%
Renault All Carlos Sainz Jr. Spain
84%
Sauber All Charles Leclerc Monaco
83%
McLaren All Fernando Alonso Spain
83%
Haas All Kevin Magnussen Denmark
83%
Renault All Nico Hülkenberg Germany
83%
Force India All Esteban Ocon France
82%
Toro Rosso All Pierre Gasly France
82%
Haas All Romain Grosjean France
81%
Williams All Lance Stroll Canada
80%
Sauber All Marcus Ericsson Sweden
73%
McLaren All Stoffel Vandoorne Belgium
72%
Toro Rosso All Brendon Hartley New Zealand
66%
Williams All Sergey Sirotkin Russia
64%
No matching quizzes found
Score Distribution
Percent of People with Each Score
Percentile by Number Answered
Your Score History
You have not taken this quiz